000 004310000a22001690004500
003 MACL
005 20150709132837.0
008 150709b xxu||||| |||| 00| 0 eng d
040 _aMACL
_cMACL
041 _aEnglish
082 _a305/SRI
100 _aSrinivas, M N
_9846
245 _aIndia : Social Structure
260 _bhindustan Publishing Corporation
_c1982
_aDelhi
650 _aSocial Science
_91518
942 _cBK
_k305
_2ddc
999 _c5681
_d5681